Normal view
MARC view
- Shah, Aishah
Entry Personal Name
001 - CONTROL NUMBER
- control field: 120254
003 - CONTROL NUMBER IDENTIFIER
- control field: NUST
005 - DATE AND TIME OF LATEST TRANSACTION
- control field: 20240202101738.0
008 - FIXED-LENGTH DATA ELEMENTS
- fixed length control field: 240202|| aca||aabn | a|a d
040 ## - CATALOGING SOURCE
- Original cataloging agency: NUST
- Transcribing agency: NUST
100 ## - HEADING--PERSONAL NAME
- Personal name: Shah, Aishah
670 ## - SOURCE DATA FOUND
- Source citation: Work cat.: (NUST): Shah, Aishah, Evaluating User Interface and User Experience in Immersive Environments – A Comprehensive Evaluation Framework/
